<?xml version="1.0" encoding="UTF-8"?>
<record
    xmlns:xsi="http://www.w3.org/2001/XMLSchema-instance"
    xsi:schemaLocation="http://www.loc.gov/MARC21/slim http://www.loc.gov/standards/marcxml/schema/MARC21slim.xsd"
    xmlns="http://www.loc.gov/MARC21/slim">

  <leader>01429nam a22002537a 4500</leader>
  <datafield tag="999" ind1=" " ind2=" ">
    <subfield code="c">8483</subfield>
    <subfield code="d">8483</subfield>
  </datafield>
  <controlfield tag="003">AR-CdUCM</controlfield>
  <controlfield tag="008">190325b           ||||| |||| 00| 0 spa d</controlfield>
  <datafield tag="020" ind1=" " ind2=" ">
    <subfield code="a">9786120023761</subfield>
  </datafield>
  <datafield tag="040" ind1=" " ind2=" ">
    <subfield code="a">MUNICIPALIDAD PROVINCIAL DEL CUSCO</subfield>
    <subfield code="c">BIBLIOTECA MUNICIPAL DEL CUSCO</subfield>
  </datafield>
  <datafield tag="082" ind1=" " ind2=" ">
    <subfield code="a">338.985142 / </subfield>
    <subfield code="b">EL95</subfield>
  </datafield>
  <datafield tag="100" ind1=" " ind2=" ">
    <subfield code="a">El&#xED;as Minaya, Jos&#xE9; Fernando</subfield>
  </datafield>
  <datafield tag="245" ind1=" " ind2=" ">
    <subfield code="a">Estudios econ&#xF3;micos y socioculturales de los valles de Coina y Chuquizongo </subfield>
    <subfield code="c">Jos&#xE9; F. El&#xED;as Minaya; Heider Escalante G&#xF3;mez</subfield>
  </datafield>
  <datafield tag="260" ind1=" " ind2=" ">
    <subfield code="a">La Libertad : </subfield>
    <subfield code="b">[Multigr&#xE1;fica Burgos], </subfield>
    <subfield code="c">2016.</subfield>
  </datafield>
  <datafield tag="300" ind1=" " ind2=" ">
    <subfield code="a">XVI, 408 p&#xE1;ginas; </subfield>
    <subfield code="b">ilustraci&#xF3;n, fotograf&#xED;as, cuadros ; </subfield>
    <subfield code="c">21 cm.</subfield>
  </datafield>
  <datafield tag="505" ind1=" " ind2=" ">
    <subfield code="a">Contenido: Aproximaci&#xF3;n para construir una propuesta de un modelo de investigaci&#xF3;n y  promoci&#xF3;n del desarrollo interdisciplinario y transdisciplinario en &#xE1;mbitos rurales -- Investigaci&#xF3;n cient&#xED;fica y promoci&#xF3;n del desarrollo en los valles de Coina  y Chuquizongo en el marco del modelo de  intervenci&#xF3;n interdisciplinaria e interinstitucional en &#xE1;mbitos rurales ...</subfield>
  </datafield>
  <datafield tag="650" ind1=" " ind2=" ">
    <subfield code="a">Desarrollo econ&#xF3;mico - Per&#xFA; - La Libertad.</subfield>
    <subfield code="9">23788</subfield>
  </datafield>
  <datafield tag="650" ind1=" " ind2=" ">
    <subfield code="a">Desarrollo agr&#xED;cola - Per&#xFA; - La Libertad.</subfield>
    <subfield code="9">23789</subfield>
  </datafield>
  <datafield tag="650" ind1=" " ind2=" ">
    <subfield code="a">Desarrollo rural - Per&#xFA; - La Libertad.</subfield>
    <subfield code="9">23790</subfield>
  </datafield>
  <datafield tag="650" ind1=" " ind2=" ">
    <subfield code="a">Condiciones econ&#xF3;micas - Coina - Chuquizongo</subfield>
    <subfield code="9">23791</subfield>
  </datafield>
  <datafield tag="650" ind1=" " ind2=" ">
    <subfield code="a">Condiciones sociales - Otuzco</subfield>
    <subfield code="9">23792</subfield>
  </datafield>
  <datafield tag="700" ind1=" " ind2=" ">
    <subfield code="a">Escalante G&#xF3;mez,  Heider </subfield>
    <subfield code="9">23793</subfield>
  </datafield>
  <datafield tag="942" ind1=" " ind2=" ">
    <subfield code="2">ddc</subfield>
    <subfield code="c">LIBROS</subfield>
  </datafield>
  <datafield tag="945" ind1=" " ind2=" ">
    <subfield code="a">lccs</subfield>
  </datafield>
  <datafield tag="952" ind1=" " ind2=" ">
    <subfield code="0">0</subfield>
    <subfield code="2">ddc</subfield>
    <subfield code="4">0</subfield>
    <subfield code="7">0</subfield>
    <subfield code="a">SH</subfield>
    <subfield code="b">SH</subfield>
    <subfield code="c">CART</subfield>
    <subfield code="d">2019-03-25</subfield>
    <subfield code="g">45.00</subfield>
    <subfield code="o">338.985142 /  EL95</subfield>
    <subfield code="p">SH0000008750</subfield>
    <subfield code="r">2019-03-25</subfield>
    <subfield code="y">LIBROS</subfield>
  </datafield>
</record>
